Obálka Náhled e-knihy:
PDF Epub
Pro půjčování e-knih musíte být přihlášeni.
Jak si půjčit online?

Asistentka Zloducha /

Originální feel-good fantasy s příchutí romantiky a koncentrované pomsty. Jaké to je dělat asistentku největšímu padouchovi v okolí - a ještě navíc se do něj zamilovat?

Uloženo v:
Série:Asistentka Zloducha, část 1
Hlavní autor: Maehrer, Hannah Nicole, 1997- (Autor)
Další autoři: Lüdtke Farnesi, Magdaléna, 1984- (Autor)
Médium: E-kniha
Jazyk:Czech
Vydáno: V Praze : CooBoo, 2025
Vydání:1. vydání
Témata:
Příbuzné jednotky:Z cyklu:: Asistentka Zloducha
Tagy:
Žádné tagy
LEADER 02700nam a2200469 i 4500
001 312665
003 CZ PrSKC
005 20260601215726.0
007 ta
008 250314s2025 xr g 000 f cze
015 |a cnb003676747 
020 |a 9788074988417  |q (brožováno) :  |c Kč 469,00 
035 |a (OCoLC)1519101228 
040 |a ABG001  |b cze  |e rda 
041 1 |a cze  |h eng 
072 7 |a 821.111(73)-3  |x Americká próza  |2 Konspekt 
080 |a 821.111(73)-31  |2 MRF 
080 |a (0:82-312.9)  |2 MRF 
100 1 |a Maehrer, Hannah Nicole,  |d 1997-  |7 xx0330218  |4 aut 
240 1 0 |a Assistant to the Villain.  |l Česky 
245 1 0 |a Asistentka Zloducha /  |c Hannah Nicole Maehrer ; přeložila Magdaléna Lüdtke Farnesi 
250 |a 1. vydání 
264 1 |a V Praze :  |b CooBoo,  |c 2025 
300 |a 412 stran ;  |c 20 cm 
336 |a text  |b txt  |2 rdacontent 
337 |a bez média  |b n  |2 rdamedia 
338 |a svazek  |b nc  |2 rdacarrier 
500 |a Přeloženo z angličtiny 
500 |a Na obálce uvedeno rodné jméno překladatelky: Magdaléna Stárková 
520 2 |a Originální feel-good fantasy s příchutí romantiky a koncentrované pomsty. Jaké to je dělat asistentku největšímu padouchovi v okolí - a ještě navíc se do něj zamilovat?  |b Evie nutně potřebuje práci, takže když se namane místo asistentky, bez váhání na nabídku kývne. Co na tom, že tahle kancelář je trochu netradiční? Stát se pravou rukou známého zloducha a páchat nepravosti může být ve finále hodně cool. Nebo spíš hot, zvlášť když se do svého temperamentního zaměstnavatele zakoukáte. Evie tak musí zvládnout nejen běžný kancelářský provoz zahrnující vytváření chaosu a teroru, ale také děsivě neodbytnou přitažlivost. A to ještě netuší, že jejímu šéfovi jde někdo po krku... Nakladatelská anotace. 
655 7 |a americké romány  |7 fd131796  |2 czenas 
655 7 |a fantasy romány  |7 fd184199  |2 czenas 
655 9 |a American fiction  |2 eczenas 
655 9 |a fantasy novels  |2 eczenas 
700 1 |a Lüdtke Farnesi, Magdaléna,  |d 1984-  |7 xx0149406  |4 trl 
787 0 8 |i Z cyklu:  |t Asistentka Zloducha  |g 1 
900 |a ABA001  |b 20 
928 9 |a Albatros Media - CooBoo 
044 |a xr 
910 |a RBIT002 
998 |d 417731  |a https://core.palmknihy.cz/api/books/417731/cover?ssvewg  |b https://core.palmknihy.cz/api/books/417731/cover/400?ssvewg  |c https://core.palmknihy.cz/api/books/417731/cover/50?ssvewg  |e 2028-12-15  |g 416  |i 9788074988417  |j https://core.palmknihy.cz/api/books/417731/preview.epub  |k https://core.palmknihy.cz/api/books/417731/preview.pdf  |l   |q 49  |r 1  |s https://www.palmknihy.cz/kniha/417731  |t ebook  |y 2025  |z 0  |v Asistentka Zloducha  |w 1 
999 |d 312663